Statistics for Largest City by Last Two Letters

Click here to take the quiz!

General Stats

  • This quiz has been taken 51 times
  • The average score is 10 of 20

Answer Stats

ends withcity% Correct
YOTokyo
97%
RKNew York
84%
ISParis
81%
AIShanghai
81%
ONLondon
78%
ROCairo
73%
TOToronto
73%
ULSeoul
51%
ESBuenos Aires
46%
MERome
46%
KADhaka
43%
HIKarachi
43%
ANTehran
43%
RELahore
38%
EITaipei
38%
MALima
32%
ASDallas
19%
NEMelbourne
19%
TEBelo Horizonte
11%
NDCleveland
3%

Score Distribution

Percentile by Number Answered

Percent of People with Each Score

Your Score History

You have not taken this quiz